| 000 | 00662nam a22001937a 4500 | ||
|---|---|---|---|
| 005 | 20251108171004.0 | ||
| 008 | 250721s1999 xx 000 0 ara d | ||
| 082 | 1 | 4 | _a909/كرك |
| 100 | 1 | _aالكركي، خالد | |
| 245 | 1 | 0 |
_aالصائح المحكي : _bصورة المتنبي في الشعر العربي الحديث : دراسة و مختارات / |
| 264 | 1 |
_aعمان : _bالمؤسسة العربية للدراسات و النشر، _c1999. |
|
| 300 | _a422ص. | ||
| 650 | 1 | 7 | _aالشعر العربي |
| 650 | 1 | 7 | _aالنقد العربي |
| 650 | 1 | 7 | _aالشخصيات |
| 650 | 1 | 7 | _aالتراجم |
| 942 |
_2ddc _cBK |
||
| 999 |
_c53796 _d53796 |
||